[Event "Lesnica Pieniny op"]
[Site "Lesnica"]
[Date "2024.03.21"]
[Round "1"]
[White "Lajdamik, Kinga"]
[Black "Haborak, Kristian"]
[Result "1-0"]
[WhiteElo "1759"]
[BlackElo "2095"]
[PlyCount "109"]
[EventDate "2024.03.21"]
[EventType "swiss"]
[EventRounds "7"]
[EventCountry "SVK"]
[SourceTitle "CB13_2024"]
[SourceDate "2024.03.27"]
[SourceVersion "1"]
[SourceVersionDate "2024.03.27"]
[SourceQuality "1"]

1. e4 Nf6 2. e5 Nd5 3. c4 Nb6 4. d4 d6 5. exd6 cxd6 6. Nc3 g6 7. Be2 Bg7 8. h3 0-0 9. Nf3 Nc6 10. 0-0 Bf5 11. Bd3 Bxd3 12. Qxd3 d5 13. c5 Nc8 14. Rb1 e6 15. b4 a6 16. a4 N8e7 17. b5 Na5 18. Bf4 Nf5 19. Rfc1 Nc4 20. Ne2 Qa5 21. Nd2 e5 22. dxe5 Nxe5 23. Bxe5 Bxe5 24. Nf3 Bg7 25. Qxd5 Qxa4 26. c6 bxc6 27. bxc6 Rad8 28. Qc5 Rfe8 29. c7 Rc8 30. Nc3 Bxc3 31. Rxc3 Qd7 32. Rbc1 Re7 33. Qb6 Qb5 34. Qf6 Re6 35. Qd8+ Re8 36. Qd2 Re2 37. Qd3 Re7 38. Qd2 Qe8 39. Qa2 Re6 40. Qa5 h6 41. Rd3 Rd6 42. Rxd6 Nxd6 43. Qxa6 Nf5 44. Qb6 Ng7 45. Nd4 Qd7 46. Nb5 Ne6 47. Qb7 Kh7 48. Qb6 Qd2 49. Qc6 Qf4 50. g3 Qe5 51. Qd7 Qb2 52. Rf1 Rxc7 53. Nxc7 Qb7 54. Nxe6 Qxd7 55. Nf8+ 1-0

[Event "SVK-chT1E 2223"]
[Site "Slovakia"]
[Date "2023.02.04"]
[Round "8.3"]
[White "Haborak, Kristian"]
[Black "Kantorik, Marian"]
[Result "1/2-1/2"]
[WhiteElo "2073"]
[BlackElo "2171"]
[PlyCount "39"]
[EventDate "2022.10.15"]
[EventType "team-tourn"]
[EventRounds "11"]
[EventCountry "SVK"]
[SourceTitle "EXT 2024"]
[Source "ChessBase"]
[SourceDate "2023.10.10"]
[SourceVersion "1"]
[SourceVersionDate "2023.10.10"]
[SourceQuality "1"]
[WhiteTeam "Kezmarok KdV"]
[BlackTeam "Dunajov Martin"]
[WhiteTeamCountry "SVK"]
[BlackTeamCountry "SVK"]

1. d4 d5 2. Nf3 c6 3. c4 e6 4. Nc3 dxc4 5. a4 Bb4 6. g3 Nf6 7. Bg2 Nbd7 8. 0-0 0-0 9. Qc2 Nd5 10. Ng5 g6 11. e4 Nxc3 12. bxc3 Be7 13. h4 Nf6 14. Bf4 Nh5 15. Be3 f6 16. Nf3 Qc7 17. e5 f5 18. Bh6 Ng7 19. Nd2 b6 20. Nxc4 1/2-1/2

[Event "SVK-chT2D 2223"]
[Site "Slovakia"]
[Date "2022.11.12"]
[Round "3.3"]
[White "Hotak, Marian"]
[Black "Haborak, Kristian"]
[Result "1/2-1/2"]
[WhiteElo "1980"]
[BlackElo "2073"]
[PlyCount "79"]
[EventDate "2022.10.08"]
[EventType "team-tourn"]
[EventRounds "11"]
[EventCountry "SVK"]
[SourceTitle "EXT 2024"]
[Source "ChessBase"]
[SourceDate "2023.10.10"]
[SourceVersion "1"]
[SourceVersionDate "2023.10.10"]
[SourceQuality "1"]
[WhiteTeam "Spisska Nova Ves"]
[BlackTeam "Presov Tatran Dason"]
[WhiteTeamCountry "SVK"]
[BlackTeamCountry "SVK"]

1. c4 c6 2. b3 d5 3. Bb2 Nf6 4. Nf3 Bf5 5. g3 e6 6. Bg2 Nbd7 7. 0-0 Bc5 8. d3 0-0 9. Nbd2 Qe7 10. Rc1 Rad8 11. cxd5 exd5 12. Nd4 Bg4 13. N2f3 Rfe8 14. Rc2 Bb6 15. h3 Be6 16. Qa1 c5 17. Ba3 Qd6 18. Rfc1 Qb8 19. Nxe6 fxe6 20. d4 cxd4 21. Nxd4 Ne4 22. Bxe4 dxe4 23. Kg2 e3 24. f3 Nf6 25. Bb2 Nh5 26. f4 Nxf4+ 27. Kh2 Nh5 28. Rg1 Rf8 29. Nf3 Rd2 30. Be5 Rxf3 31. Bxb8 Rf2+ 32. Rg2 Rxc2 33. Qe5 Rxg2+ 34. Kxg2 Rxe2+ 35. Kh1 Re1+ 36. Kh2 Nf6 37. Qxe6+ Kh8 38. Be5 Re2+ 39. Kh1 Re1+ 40. Kh2 1/2-1/2

[Event "SVK-chT1E 2122"]
[Site "Slovakia"]
[Date "2022.04.23"]
[Round "8.5"]
[White "Pcola, Jaroslav1111"]
[Black "Haborak, Kristian"]
[Result "1-0"]
[WhiteElo "2029"]
[BlackElo "2066"]
[PlyCount "119"]
[EventDate "2022.01.29"]
[EventType "team-tourn"]
[EventRounds "11"]
[EventCountry "SVK"]
[SourceTitle "EXT 2023"]
[Source "ChessBase"]
[SourceDate "2022.10.05"]
[SourceVersion "1"]
[SourceVersionDate "2022.10.05"]
[SourceQuality "1"]
[WhiteTeam "Humenne Reinter II"]
[BlackTeam "Presov Tatran Dason"]
[WhiteTeamCountry "SVK"]
[BlackTeamCountry "SVK"]

1. e4 e5 2. Nf3 Nc6 3. Bc4 Nf6 4. d3 Be7 5. 0-0 0-0 6. Re1 d6 7. c3 Na5 8. Bb5 a6 9. Ba4 b5 10. Bc2 c5 11. Nbd2 Qc7 12. Nf1 Re8 13. Ng3 Nc6 14. Bg5 h6 15. Bxf6 Bxf6 16. Bb3 g6 17. Rc1 Kg7 18. Bd5 Rb8 19. Nf1 Ne7 20. Ne3 Nxd5 21. Nxd5 Qd8 22. b3 Be6 23. Nxf6 Qxf6 24. Re3 a5 25. d4 Red8 26. d5 Bg4 27. h3 Bd7 28. Nd2 Ra8 29. c4 b4 30. a3 bxa3 31. Ra1 Rdb8 32. Rxa3 Rb4 33. Rf3 Qd8 34. Kh2 Qg5 35. Rg3 Qf4 36. Kg1 a4 37. Rf3 Qg5 38. Rg3 Qh4 39. Rf3 Ra7 40. Rd3 f5 41. exf5 Bxf5 42. Re3 Qd4 43. Qc1 Qh4 44. Qc3 Qd4 45. Qc1 Qh4 46. Qc3 Kh7 47. g4 Bd7 48. Rf3 Qe7 49. Ne4 Ra8 50. Rf6 Rb6 51. Qf3 Kg7 52. bxa4 Rb1+ 53. Kh2 Re1 54. Rxd6 Rf8 55. Qg2 Bc8 56. Rc6 Qh4 57. Rc7+ Kh8 58. Qg3 Qd8 59. Qxe5+ Rf6 60. Qxf6+ 1-0

[Event "SVK-chT2D 2122"]
[Site "Slovakia"]
[Date "2022.03.26"]
[Round "8.2"]
[White "Haborak, Kristian"]
[Black "Mrvova, Alena"]
[Result "1-0"]
[WhiteElo "2066"]
[BlackElo "2152"]
[PlyCount "87"]
[EventDate "2021.10.16"]
[EventType "team-tourn"]
[EventRounds "11"]
[EventCountry "SVK"]
[SourceTitle "EXT 2023"]
[Source "ChessBase"]
[SourceDate "2022.10.05"]
[SourceVersion "1"]
[SourceVersionDate "2022.10.05"]
[SourceQuality "1"]
[WhiteTeam "Presov Tatran Dason"]
[BlackTeam "Kosice 1 CC"]
[WhiteTeamCountry "SVK"]
[BlackTeamCountry "SVK"]

1. d4 d5 2. c4 e6 3. Nc3 Be7 4. Nf3 Nf6 5. Bg5 h6 6. Bh4 Nbd7 7. e3 b6 8. Qc2 0-0 9. Rd1 Bb7 10. Bd3 c5 11. 0-0 Rc8 12. Qe2 Ne4 13. Bg3 cxd4 14. Bxe4 dxe4 15. Nxd4 Qe8 16. Ncb5 Ba6 17. b3 e5 18. Nf5 Bxb5 19. Qg4 Bg5 20. cxb5 Nf6 21. Qe2 Qe6 22. Nd6 Rcd8 23. Nc4 Nd7 24. Rd6 Qe7 25. Rfd1 f5 26. Qd2 f4 27. Rxd7 Rxd7 28. Qxd7 fxg3 29. Qxe7 gxf2+ 30. Kf1 Bxe7 31. Rd7 Bc5 32. Rxa7 Rd8 33. Kxf2 Rd1 34. b4 Bxb4 35. Nxb6 Rd2+ 36. Kf1 Rd1+ 37. Kf2 Rd2+ 38. Kg3 Rb2 39. a4 Be1+ 40. Kh3 g5 41. Nc4 h5 42. g4 hxg4+ 43. Kxg4 Rg2+ 44. Kf5 1-0

[Event "SVK-chT1E 2122"]
[Site "Slovakia"]
[Date "2022.01.29"]
[Round "1.7"]
[White "Haborak, Kristian"]
[Black "Magda, Juraj"]
[Result "1-0"]
[WhiteElo "2066"]
[BlackElo "1278"]
[PlyCount "47"]
[EventDate "2022.01.29"]
[EventType "team-tourn"]
[EventRounds "11"]
[EventCountry "SVK"]
[SourceTitle "EXT 2023"]
[Source "ChessBase"]
[SourceDate "2022.10.05"]
[SourceVersion "1"]
[SourceVersionDate "2022.10.05"]
[SourceQuality "1"]
[WhiteTeam "Presov Tatran Dason"]
[BlackTeam "Sabinov"]
[WhiteTeamCountry "SVK"]
[BlackTeamCountry "SVK"]

1. e4 c5 2. b4 d6 3. Bc4 a6 4. Bb2 b5 5. Bxf7+ Kxf7 6. Qh5+ g6 7. Qf3+ Nf6 8. e5 Ra7 9. exf6 exf6 10. Ne2 Bg7 11. 0-0 Bb7 12. Qf4 Nc6 13. a4 c4 14. axb5 axb5 15. Rxa7 Nxa7 16. Qd4 Nc6 17. Qd5+ Ke7 18. Qxb5 Qa8 19. Qxc4 Ne5 20. Qc7+ Nd7 21. Re1 Rd8 22. Nf4+ Kf7 23. Ne6 Qc8 24. Nxd8+ 1-0

[Event "SVK-chT1E 1718"]
[Site "Slovakia"]
[Date "2018.03.10"]
[Round "10.3"]
[White "Balazs, Ladislav"]
[Black "Haborak, Kristian"]
[Result "1/2-1/2"]
[WhiteElo "2130"]
[BlackElo "2096"]
[PlyCount "111"]
[EventDate "2017.10.21"]
[EventType "team-tourn"]
[EventRounds "11"]
[EventCountry "SVK"]
[SourceTitle "EXT 2019"]
[Source "ChessBase"]
[SourceDate "2018.10.10"]
[SourceVersion "1"]
[SourceVersionDate "2018.10.10"]
[SourceQuality "1"]
[WhiteTeam "Jelsava Magnezit"]
[BlackTeam "Presov Tatran"]
[WhiteTeamCountry "SVK"]
[BlackTeamCountry "SVK"]

1. e4 Nf6 2. e5 Nd5 3. d4 d6 4. c4 Nb6 5. exd6 cxd6 6. Nc3 g6 7. Be3 Bg7 8. Rc1 0-0 9. b3 e5 10. dxe5 dxe5 11. Qxd8 Rxd8 12. c5 N6d7 13. Nb5 Nc6 14. Nf3 Nf8 15. Nd6 Rb8 16. Ng5 Be6 17. Nxe6 Nxe6 18. Bc4 Bf8 19. Ne4 Ncd4 20. b4 Kg7 21. 0-0 Be7 22. Nc3 Rbc8 23. Nd5 Bf8 24. f4 b5 25. cxb6 axb6 26. Nxb6 Rc6 27. Nd5 Nf5 28. Bb3 Rcd6 29. fxe5 Rxd5 30. Bb6 Bxb4 31. Bxd8 Rxd8 32. Rfd1 Bd2 33. Bxe6 fxe6 34. Kf2 Rd5 35. Rc7+ Kh6 36. g4 Be3+ 37. Ke2 Rxe5 38. Kf3 Nd4+ 39. Kg3 g5 40. Rd7 Bf4+ 41. Kf2 Nc2 42. R1d3 Ne3 43. Kf3 Nc2 44. Kf2 Ne3 45. Kf3 Nd5 46. h3 Re1 47. Ra3 Rh1 48. Ra6 Rxh3+ 49. Kg2 Rg3+ 50. Kf2 Nf6 51. Rxe6 Kg6 52. Rb7 Ra3 53. Rbb6 Kg7 54. Rb7+ Kg6 55. Rbb6 Kg7 56. Rb7+ 1/2-1/2

[Event "Krakow op-B 28th"]
[Site "Krakow"]
[Date "2017.12.27"]
[Round "1"]
[White "Silich, Yahor"]
[Black "Haborak, Kristian"]
[Result "0-1"]
[WhiteElo "1897"]
[BlackElo "2092"]
[PlyCount "58"]
[EventDate "2017.12.27"]
[EventType "swiss"]
[EventRounds "9"]
[EventCountry "POL"]
[SourceTitle "CBM 182 Extra"]
[Source "ChessBase"]
[SourceDate "2018.02.23"]
[SourceVersion "1"]
[SourceVersionDate "2018.02.23"]
[SourceQuality "1"]

1. e4 Nf6 2. e5 Nd5 3. d4 d6 4. c4 Nb6 5. exd6 cxd6 6. Nc3 g6 7. Be3 Bg7 8. Bd3 0-0 9. Nge2 Nc6 10. b3 e5 11. dxe5 Nxe5 12. Bc2 Be6 13. 0-0 Ng4 14. Bd4 Qh4 15. h3 Nf6 16. Qd2 d5 17. c5 Nc8 18. Nf4 g5 19. g3 Qh6 20. Nxe6 fxe6 21. Kg2 Ne7 22. Rae1 Rad8 23. Rxe6 Nc6 24. Nb5 Qh5 25. Nd6 Ne4 26. Bxe4 Nxd4 27. Bxd5 Nxe6 28. Bxe6+ Kh8 29. Nf7+ Qxf7 0-1

[Event "SVK-chT2D 1718"]
[Site "Slovakia"]
[Date "2017.11.26"]
[Round "4.2"]
[White "Kopcak, Stanislav"]
[Black "Haborak, Kristian"]
[Result "1-0"]
[WhiteElo "1962"]
[BlackElo "2092"]
[PlyCount "53"]
[EventDate "2017.10.28"]
[EventType "team-tourn"]
[EventRounds "11"]
[EventCountry "SVK"]
[SourceTitle "EXT 2019"]
[Source "ChessBase"]
[SourceDate "2018.10.10"]
[SourceVersion "1"]
[SourceVersionDate "2018.10.10"]
[SourceQuality "1"]
[WhiteTeam "Poprad LS VD"]
[BlackTeam "Presov Tatran II"]
[WhiteTeamCountry "SVK"]
[BlackTeamCountry "SVK"]

1. e4 Nf6 2. Nc3 d5 3. e5 Ne4 4. d4 Nxc3 5. bxc3 c5 6. Bb5+ Nc6 7. Ne2 a6 8. Bxc6+ bxc6 9. 0-0 Bf5 10. Ng3 Bg6 11. f4 e6 12. Qf3 Bxc2 13. f5 Qd7 14. f6 g6 15. a4 c4 16. Rf2 Bb3 17. Be3 Qc7 18. Ne2 Qa5 19. Bd2 Bxa4 20. Nf4 Qb5 21. Nxe6 fxe6 22. f7+ Kd7 23. Bg5 Be7 24. Bxe7 Kxe7 25. Qf6+ Kd7 26. f8Q Rhxf8 27. Qg7+ 1-0

[Event "SVK-chT1E 1718"]
[Site "Slovakia"]
[Date "2017.11.05"]
[Round "4.1"]
[White "Haborak, Kristian"]
[Black "Tropp, Oliver"]
[Result "1/2-1/2"]
[WhiteElo "2101"]
[BlackElo "2198"]
[PlyCount "33"]
[EventDate "2017.10.21"]
[EventType "team-tourn"]
[EventRounds "11"]
[EventCountry "SVK"]
[SourceTitle "CBM 181 Extra"]
[Source "ChessBase"]
[SourceDate "2017.12.12"]
[SourceVersion "1"]
[SourceVersionDate "2017.12.12"]
[SourceQuality "1"]
[WhiteTeam "Presov Tatran"]
[BlackTeam "Kezmarok"]
[WhiteTeamCountry "SVK"]
[BlackTeamCountry "SVK"]

1. d4 Nf6 2. Nf3 g6 3. Nc3 Bg7 4. Bf4 d6 5. e3 Nh5 6. Bg5 h6 7. Bh4 g5 8. Nd2 Nd7 9. Qxh5 Nf6 10. Qf3 gxh4 11. h3 c6 12. Bd3 Qa5 13. Nb3 Qg5 14. 0-0-0 Be6 15. Kb1 0-0-0 16. Qe2 Bxb3 17. cxb3 1/2-1/2

[Event "SVK-chT2D 1718"]
[Site "Slovakia"]
[Date "2017.10.28"]
[Round "1.2"]
[White "Sepesi, Samuel"]
[Black "Haborak, Kristian"]
[Result "1/2-1/2"]
[WhiteElo "2189"]
[BlackElo "2092"]
[PlyCount "76"]
[EventDate "2017.10.28"]
[EventType "team-tourn"]
[EventRounds "11"]
[EventCountry "SVK"]
[SourceTitle "EXT 2019"]
[Source "ChessBase"]
[SourceDate "2018.10.10"]
[SourceVersion "1"]
[SourceVersionDate "2018.10.10"]
[SourceQuality "1"]
[WhiteTeam "Kosice 1 CC"]
[BlackTeam "Presov Tatran II"]
[WhiteTeamCountry "SVK"]
[BlackTeamCountry "SVK"]

1. d4 e6 2. c4 f5 3. Nf3 Nf6 4. g3 b6 5. Bg2 Bb7 6. 0-0 Be7 7. b3 0-0 8. Bb2 Qe8 9. Nbd2 Qh5 10. Ne5 Ng4 11. Nxg4 Bxg2 12. Kxg2 fxg4 13. f3 Nc6 14. fxg4 Qxg4 15. e4 Qg6 16. Qe2 Rae8 17. Nf3 Bf6 18. e5 Be7 19. Rac1 Nb4 20. Kh1 Nd3 21. Rc3 Nxb2 22. Qxb2 c5 23. d5 exd5 24. cxd5 d6 25. Re1 dxe5 26. Nxe5 Qd6 27. Nc4 Qxd5+ 28. Qg2 Qxg2+ 29. Kxg2 Bf6 30. Rce3 Rxe3 31. Rxe3 Rd8 32. Re6 Kf7 33. Rc6 Rd7 34. a4 Ke7 35. a5 b5 36. Na3 b4 37. Nc4 Bd4 38. a6 Rd5 1/2-1/2

[Event "SVK-chT1E 1718"]
[Site "Slovakia"]
[Date "2017.10.22"]
[Round "2.4"]
[White "Haborak, Kristian"]
[Black "Galvanek, Ladislav"]
[Result "1-0"]
[WhiteElo "2101"]
[BlackElo "1965"]
[PlyCount "141"]
[EventDate "2017.10.21"]
[EventType "team-tourn"]
[EventRounds "11"]
[EventCountry "SVK"]
[SourceTitle "CBM 181 Extra"]
[Source "ChessBase"]
[SourceDate "2017.12.12"]
[SourceVersion "1"]
[SourceVersionDate "2017.12.12"]
[SourceQuality "1"]
[WhiteTeam "Presov Tatran"]
[BlackTeam "Kysucke Nove Mesto"]
[WhiteTeamCountry "SVK"]
[BlackTeamCountry "SVK"]

1. d4 d5 2. Nf3 e6 3. e3 Nf6 4. Bd3 Bd6 5. b3 0-0 6. Nbd2 Nbd7 7. Bb2 Re8 8. Ne5 Nf8 9. f4 N6d7 10. Qf3 f6 11. Ng4 c6 12. 0-0 Qe7 13. Rae1 Bc7 14. e4 dxe4 15. Bxe4 Qf7 16. Bd3 Ng6 17. g3 Ndf8 18. Ne3 Ne7 19. a4 Bd7 20. Ne4 Rad8 21. Nc5 Bc8 22. c4 Kh8 23. Ne4 b6 24. Rd1 Bb7 25. c5 Nc8 26. Bc4 Qe7 27. b4 a6 28. Rfe1 b5 29. Bb3 a5 30. Bc3 axb4 31. Bxb4 bxa4 32. Bxa4 Na7 33. Nd6 Bxd6 34. cxd6 Qf7 35. Bc5 Nb5 36. Nc4 Nd7 37. Bxb5 cxb5 38. Qxb7 bxc4 39. Qb4 e5 40. dxe5 fxe5 41. Be3 Rc8 42. Qc3 Rb8 43. Rc1 Rbc8 44. Red1 Qe6 45. fxe5 Qxe5 46. Qxe5 Rxe5 47. Bf4 Re6 48. Rd4 h6 49. g4 Nf6 50. Rdxc4 Rxc4 51. Rxc4 Re1+ 52. Kf2 Rd1 53. Ke2 Rd5 54. Bg3 Kh7 55. Ke3 Nd7 56. Ke4 Rd1 57. Rd4 Nf6+ 58. Ke3 Nd5+ 59. Ke4 Nf6+ 60. Ke5 Nd7+ 61. Kd5 Nf6+ 62. Kc5 Rc1+ 63. Kb5 Nd7 64. Rc4 Rd1 65. Kc6 Nf6 66. Be5 Kg6 67. Bxf6 Kxf6 68. d7 Ke7 69. Re4+ Kf7 70. Re5 Rc1+ 71. Kd6 1-0

[Event "SVK-chT2D 1617"]
[Site "Slovakia"]
[Date "2017.03.12"]
[Round "11.4"]
[White "Haborak, Kristian"]
[Black "Janov, Marian"]
[Result "1-0"]
[WhiteElo "2024"]
[BlackElo "1947"]
[PlyCount "25"]
[EventDate "2016.10.08"]
[EventType "team-tourn"]
[EventRounds "11"]
[EventCountry "SVK"]
[SourceTitle "EXT 2019"]
[Source "ChessBase"]
[SourceDate "2018.10.10"]
[SourceVersion "1"]
[SourceVersionDate "2018.10.10"]
[SourceQuality "1"]
[WhiteTeam "Presov Tatran"]
[BlackTeam "Poprad LS VD"]
[WhiteTeamCountry "SVK"]
[BlackTeamCountry "SVK"]

1. b3 d5 2. Bb2 c5 3. e3 Nc6 4. Bb5 Bf5 5. Nf3 e6 6. Ne5 Nge7 7. 0-0 f6 8. Nxc6 Nxc6 9. d4 Bd6 10. Nd2 Qc7 11. h3 0-0 12. dxc5 Bxc5 13. Bd3 1-0

[Event "SVK-chT2D 1617"]
[Site "Slovakia"]
[Date "2017.02.12"]
[Round "9.3"]
[White "Haborak, Kristian"]
[Black "Milder, Ladislav"]
[Result "1-0"]
[WhiteElo "2024"]
[BlackElo "2067"]
[PlyCount "89"]
[EventDate "2016.10.08"]
[EventType "team-tourn"]
[EventRounds "11"]
[EventCountry "SVK"]
[SourceTitle "EXT 2018"]
[Source "ChessBase"]
[SourceDate "2017.10.13"]
[SourceVersion "1"]
[SourceVersionDate "2017.10.13"]
[SourceQuality "1"]
[WhiteTeam "Presov Tatran"]
[BlackTeam "Kosice Slavia UPJS III"]
[WhiteTeamCountry "SVK"]
[BlackTeamCountry "SVK"]

1. d4 Nf6 2. Nf3 d5 3. e3 e6 4. Bd3 Be7 5. 0-0 0-0 6. b3 Nbd7 7. Nbd2 b6 8. Bb2 Bb7 9. Ne5 Rc8 10. Qf3 c5 11. Rad1 Qc7 12. Qh3 h6 13. f4 Ne4 14. Nxe4 dxe4 15. Bc4 Nxe5 16. dxe5 Rcd8 17. f5 exf5 18. Qxf5 Bg5 19. Rxd8 Bxe3+ 20. Kh1 Qxd8 21. Bxf7+ Kh8 22. e6 Bd4 23. c3 Bf6 24. Bc1 Qd5 25. Qxd5 Bxd5 26. Rxf6 Bxe6 27. Rxe6 Rxf7 28. Kg1 Rd7 29. Kf2 Rd1 30. Bf4 Ra1 31. Rxe4 Rxa2+ 32. Kf3 Ra3 33. Ke3 Rxb3 34. Kd3 Kg8 35. Re7 a5 36. Kc4 Rb2 37. g4 Rg2 38. Bg3 Rb2 39. Rb7 a4 40. Ra7 Kf8 41. Ra6 g6 42. Bc7 Kf7 43. Rxb6 a3 44. Ra6 a2 45. Kxc5 1-0